|
|
|
|
| LEADER |
01024ncm a22002532a 4500 |
| 001 |
001202969 |
| 003 |
CZ BrMZK |
| 005 |
20120328132723.0 |
| 007 |
qu |
| 008 |
120328s1951 gw |||||||||||||||||zxx d |
| 040 |
|
|
|a BOA001
|b cze
|
| 072 |
|
7 |
|a 787
|x Hudba pro strunné a smyčcové nástroje
|2 Konspekt
|9 9
|
| 100 |
1 |
|
|a Matz, Arnold,
|d 1904-1991
|7 mzk2011621472
|4 cmp
|
| 245 |
1 |
0 |
|a Intonationsstudien für Viola.
|n T. 3, 4
|p Intervallen der dritten Lage in allen Tonarten ; Tonleitern der dritten bis fünften Lage in allen Intervallen
|h [hudebnina] /
|c Arnold Matz
|
| 246 |
3 |
0 |
|a Intervallen der dritten Lage in allen Tonarten
|
| 246 |
3 |
0 |
|a Tonleitern der dritten bis fünften Lage in allen Intervallen
|
| 260 |
|
|
|a Leipzig :
|b Breitkopf & Härtel,
|c 1951
|
| 300 |
|
|
|a 35 s.
|
| 490 |
1 |
|
|a Edition Breitkopf ;
|v Nr. 5772c
|
| 830 |
|
0 |
|a Edition Breitkopf
|
| 910 |
|
|
|a BOA001
|b Mus4-0327.638,3,4
|
| 990 |
|
|
|a MU
|
| 991 |
|
|
|b 201203
|
| 996 |
6 |
|
|b 2619357424
|c Mus4-0327.638,3,4
|l MZK
|r Sklad / do 1 hodiny
|n 0
|w 001236516
|u 000010
|a 1
|e BOA001
|j MZK50
|s P
|